| 000 | 01023cam a2200217 4500 | ||
|---|---|---|---|
| 001 | WB4019-14 | ||
| 008 | 040519n2004 000 0 eng u | ||
| 035 | _a(Sirsi) u126232 | ||
| 245 | _aExpensive. Bad for business. Unnecessary. | ||
| 260 | _c2004 | ||
| 490 |
_aRICS Press Release _v(pr051) 19 May 2004 (2) |
||
| 520 | _aRICS has launched a campaign against new Financial Services Authority powers that will start regulating businesses that provide insurance. This will affect thousands of property and construction firms with higher costs and more resources spent on compliance. RICS members are being encouraged to write to government about the issue. For the RICS Press Release: http://www.rics.org/ricscms/bin/show?class=PressRe lease&template=/includes/showpr.html&id=1175 | ||
| 590 | _aWB | ||
| 590 | _aWB | ||
| 650 | _aRICS | ||
| 650 | _aFINANCIAL SERVICES AUTHORITY | ||
| 650 | _aFINANCIAL SERVICES AUTHORITY REGULATIONS | ||
| 650 | _aINSURANCE SERVICES | ||
| 690 |
_aINSURANCE _96249 |
||
| 942 | _n0 | ||
| 999 |
_c117373 _d117373 |
||